| 000 | 01047cam a2200325 i 4500 | ||
|---|---|---|---|
| 999 |
_c2927 _d2927 |
||
| 001 | 019863398 | ||
| 003 | UkOxU | ||
| 005 | 20230912131227.0 | ||
| 008 | 140829s2014 enk b 001 0|eng|d | ||
| 015 |
_aGBB493468 _2bnb |
||
| 020 | _a9781472577023 (pbk) | ||
| 035 | _a(Uk)016856310 | ||
| 040 |
_aStDuBDS _beng _erda _cStDuBDS _dUkOxU _dKH8 |
||
| 082 | 0 | 4 |
_a809.204 ESS _223 |
| 100 | 1 |
_aEsslin, Martin, _d1918-2002, _eauthor. |
|
| 245 | 1 | 4 |
_aThe theatre of the absurd / _cMartin Esslin. |
| 250 |
_aNew edition / _bpreface by Marvin Carlson. |
||
| 264 | 1 |
_aLondon : _bBloomsbury, _c2014. |
|
| 264 | 4 | _c©2014. | |
| 300 |
_axx, 407 pages ; _c22 cm. |
||
| 336 |
_atext _2rdacontent |
||
| 337 |
_aunmediated _2rdamedia |
||
| 338 |
_avolume _2rdacarrier |
||
| 490 | 0 | _aBloomsbury revelations | |
| 500 | _a"Bloomsbury revelations edition". | ||
| 504 | _aIncludes bibliography (pages [369]-396), and index. | ||
| 650 | 0 |
_aTheater of the absurd _xHistory and criticism. |
|
| 650 | 0 |
_aDrama _y20th century _xHistory and criticism. |
|
| 942 |
_2ddc _cTR |
||